| 000 | 00742nam a2200217 ar4500 | ||
|---|---|---|---|
| 001 | 2285 | ||
| 005 | 20221127090416.0 | ||
| 008 | 101107s xxk 0001f|eng d | ||
| 020 |
_a9780199238286(pbk) : _cSR29.00 |
||
| 082 | 0 | 4 |
_a833.912 _bK123 2009 |
| 100 | 1 | _aKafka, Franz. | |
| 245 | 1 | 4 |
_aThe Castle / _cF. Kafka ; translated by Anthea Bell ; with an introduction and notes by Ritchie Robertson. |
| 260 |
_aOxford _aNew York : _bOxford University Press, _c2009. |
||
| 300 |
_axxxviii, 179 p. ; _c20 cm. |
||
| 440 | 0 | _aOxford world's classics. | |
| 500 | _aTranslated from the German. | ||
| 504 | _aIncludes bibl. references. | ||
| 650 | 4 |
_aGerman fiction _y20th century. |
|
| 650 | 4 |
_aBureaucracy _vFiction. |
|
| 700 | 0 |
_aBell, Anthea, _etr. |
|
| 999 |
_c2283 _d2283 |
||